| 000 | 00479nam a22001937a 4500 | ||
|---|---|---|---|
| 005 | 20210706133941.0 | ||
| 008 | 210706b xxu||||| |||| 00| 0 eng d | ||
| 020 |
_a817667186X _cRs. 200 |
||
| 040 | _aLoreto College | ||
| 041 | _aHindi | ||
| 082 |
_a891.43 _bDAS |
||
| 100 | _aDas, Bichar | ||
| 245 |
_aAnubad samjhe aur karein _cBichar Das |
||
| 260 |
_aDelhi _bVabna Prakashan _c2018 |
||
| 300 |
_a98p. _b22cm. |
||
| 650 | _aHindi Anubad | ||
| 850 | _aLCLIB | ||
| 942 | _cBK | ||
| 999 |
_c42747 _d93226 |
||